000 01066nam a2200217Ia 4500
003 OSt
005 20210525144311.0
008 210310s1950 sp gr 000 0 spa d
040 _aCO-JMCR
_cCO-JMCR
041 0 _aspa
082 0 4 _a332.75075 /
_bG723S
_223
100 1 _aGoxens Duch, Antonio,
_915789
_eautor
245 1 0 _aSuspensiones de pagos, quiebras y moratorias :
_bestudio comercial, económico, contable y jurídico de sus orígenes y soluciones /
_cAntonio Goxens Duch
260 _aMadrid :
_bAguilar,
_c1950
300 _aXVII, 444 páginas ;
_c24 cm.
500 _aIncluye notas a pie de página.
505 0 _aNociones previas de administración y de contabilidad -- Causas, síntomas y soluciones -- Revisión de la contabilidad y del negocio -- Moratorias y acuerdos particulares -- Soluciones judiciales -- Liquidación de negocios -- De la moral comercial -- Misión de los técnicos titulados -- Disposiciones legales -- Formularios
650 1 4 _aQuiebra (Derecho mercantil)
_915791
651 4 _aEspaña
_xBanca rota
_937874
942 _2ddc
_cBK
999 _c7908
_d7908